000 00482nam a2200193 a 4500
001 1757999702638
003 ACL
005 20250916105537.0
008 250916s2009##################000#0#eng##
020 _a9780786443079
082 0 4 _a791.4572
_bSTR
100 1 _aStratyner, Leslie,
_eauthor.
245 1 0 _aThe Deep End of South Park :
260 _bMcFarland,
_c2009.
300 _a198 pages
650 0 _aLiterary Collections.
942 _cENGLISH
040 _aACL
_beng
_cACL
999 _c587270
_d587270